50 rokov katedier a ústavov telesnej výchovy a športu na vysokých školách a univerzitách. 50 Years of Departments and Institutes of Physical Education at the Universities : Zborník referátov
Enregistré dans:
| Collectivité auteur: | |
|---|---|
| Format: | Actes de congrès Livre |
| Langue: | slovaque |
| Publié: |
Bratislava :
STU v Bratislave,
2002
|
| Sujets: | |
| Tags: |
Pas de tags, Soyez le premier à ajouter un tag!
|
MARC
| LEADER | 00000nam a22000003a 4500 | ||
|---|---|---|---|
| 001 | stu76260 | ||
| 005 | 20150408161745.3 | ||
| 008 | 020625s2002----xo------------------slo-d | ||
| 020 | |a 80-227-1689-8 | ||
| 040 | |a STU |b slo | ||
| 041 | 0 | |a slo | |
| 044 | |a xo | ||
| 080 | |a 796 | ||
| 111 | 2 | |a Vedecký seminár |d (29.05.2002 : |c Bratislava) | |
| 245 | |a 50 rokov katedier a ústavov telesnej výchovy a športu na vysokých školách a univerzitách. 50 Years of Departments and Institutes of Physical Education at the Universities : |b Zborník referátov | ||
| 260 | |a Bratislava : |b STU v Bratislave, |c 2002 | ||
| 300 | |a 159 s | ||
| 650 | 7 | |a výchova telesná |2 stusub | |
| 996 | |b 284M050138 |c M*Z-2071 |l MMKN |s A |a 24 |w stu76260_0001 | ||